| Tag |
First Indicator |
Second Indicator |
Subfields |
| LEADER |
00000cam a22000004a 4500 |
| 001 |
in00001659521 |
| 005 |
20151023095451.0 |
| 008 |
990429s2000 mau b 001 0 eng |
| 010 |
|
|
|a 99031784
|
| 015 |
|
|
|a GBA0-64803
|
| 020 |
|
|
|a 0073039373
|
| 035 |
|
|
|a (OCoLC)ocm41315567
|
| 040 |
|
|
|a DLC
|c DLC
|d UKM
|d TXA
|d UtOrBLW
|
| 042 |
|
|
|a pcc
|
| 049 |
|
|
|a TXAM
|
| 050 |
0 |
0 |
|a HF5657.4
|b .Z55 2000
|
| 082 |
0 |
0 |
|a 658.15/11
|2 21
|
| 100 |
1 |
|
|a Zimmerman, Jerold L.,
|d 1947-
|
| 245 |
1 |
0 |
|a Accounting for decision making and control /
|c Jerold L. Zimmerman.
|
| 250 |
|
|
|a 3rd ed.
|
| 264 |
|
1 |
|a Boston :
|b Irwin/McGraw-Hill,
|c [2000]
|
| 264 |
|
4 |
|c ©2000
|
| 300 |
|
|
|a xxi, 730 pages ;
|c 26 cm.
|
| 336 |
|
|
|a text
|b txt
|2 rdacontent
|
| 337 |
|
|
|a unmediated
|b n
|2 rdamedia
|
| 338 |
|
|
|a volume
|b nc
|2 rdacarrier
|
| 504 |
|
|
|a Includes bibliographical references and index.
|
| 650 |
|
0 |
|a Managerial accounting.
|
| 994 |
|
|
|a E0
|b TXA
|
| 948 |
|
|
|a cataloged
|b h
|c 2001/11/29
|d c
|e bwalker
|f 12:48:40 pm
|
| 999 |
|
|
|a MARS
|
| 999 |
f |
f |
|s 375e2b65-7272-3508-b595-1e2160c6122b
|i 77f30ca8-e348-3f2d-ba44-252eabdc1a1a
|t 0
|
| 952 |
f |
f |
|p ric
|a Texas A&M University
|b Rellis Campus
|c Joint Library Facility
|d Remote Storage
|t 0
|e HF5657.4 .Z55 2000
|h Library of Congress classification
|i unmediated -- volume
|m A14828338204
|
| 998 |
f |
f |
|a HF5657.4 .Z55 2000
|t 0
|l Remote Storage
|